000 00394nam a2200169Ia 4500
001 19275
003 IN-NITTTR
005 20251114233222.0
008 251113s9999||||xx |||||||||||||| ||eng||
040 _beng
040 _cIN-NITTTR
041 _aeng
082 _a720.9 F633H
100 _aFletcher, Banister
245 0 _aHistory of architecture. /
_cFletcher, Banister
942 _2ddc
_cBK
999 _c21909
_d21909